00313nam a2200121Ia 4500008004100000041000800041082001800049100002400067245001400091260004100105300003400146365001100180240624s9999 xx 000 0 und d aeng a808.89894 TAG aTAGORE RABINDRANATH aGITANJALI c2012aNew DelhibPenguin Books India alxxxvi, : 257 : p. : cm. ; 19 cRSb25